000 00267nam a22001217a 4500
008 170426b xxu||||| |||| 00| 0 eng d
041 _aeng
080 _a546
100 _a12
101 _aSHM
245 _aSYSTEM INORGANIC CHEMISTRY
_cCAVEN.R.M
942 _2udc
_cBK
999 _c12014
_d12014